| 000 | 00818cam a22002657a 4500 | ||
|---|---|---|---|
| 003 | CHAP | ||
| 005 | 20220329135013.0 | ||
| 008 | 971013s r 00010 d | ||
| 010 | _a29365 | ||
| 011 | _a30337 | ||
| 035 | _a34449 | ||
| 040 | _cCHAP | ||
| 090 | _aMP-23 | ||
| 245 | 0 | 0 | _aContributions to American Anthropology and History |
| 260 |
_aWashington : _bCarnegie Institution of Washington, _c19 |
||
| 300 |
_av. _b: ilus. |
||
| 500 | _aLa biblioteca tiene: v.6 (30-34). (Carnegie Institution of Washington. Publication 523) | ||
| 590 |
_aBATCH-UPD _b10 _c20130110 _lUCH01 _h1614 |
||
| 590 |
_aBATCH-UPD _b10 _c20130410 _lUCH01 _h1009 |
||
| 590 |
_aCONVERSION _b10 _c20130109 _lUCH01 _h1317 |
||
| 650 | 1 | 4 |
_aAntropologia. _96133 |
| 901 | _aBK | ||
| 942 | _cMP | ||
| 949 |
_aMP-23 _bBC _cMP _d-79730 _eMP _i34449 _si |
||
| 999 |
_c29365 _d29365 |
||